Clinical experiences in collegiate nursing education : selection of clinical agencies /

Bibliographic Details
Main Author: Hawkins, Joellen Watson
Format: Book
Language:English
Published: New York, N.Y. : Springer, [1981]
Series:Springer series on the teaching of nursing ; v. 7.
Subjects:

MARC

Tag First Indicator Second Indicator Subfields
LEADER 00000pam a2200000 a 4500
001 in00000071080
005 20151008062038.0
008 800812s1981 nyu b 00110 engm
010 |a  80023401  
020 |a 0826133908 
020 |a 0826133916 (pbk.) 
035 |a (OCoLC)06666291 
035 |9 AAJ9403AM 
040 |a DLC  |c DLC  |d TXA  |d UtOrBLW 
049 |a TXAM  |c [1422052] 
050 0 0 |a RT73  |b .H38 
060 0 |a WY18 S769 v. 7 
082 0 |a 610.73/07/11  |2 19 
100 1 |a Hawkins, Joellen Watson. 
245 1 0 |a Clinical experiences in collegiate nursing education :  |b selection of clinical agencies /  |c Joellen Watson Hawkins. 
264 1 |a New York, N.Y. :  |b Springer,  |c [1981] 
264 4 |c ©1981 
300 |a xi, 116 pages ;  |c 21 cm. 
336 |a text  |b txt  |2 rdacontent 
337 |a unmediated  |b n  |2 rdamedia 
338 |a volume  |b nc  |2 rdacarrier 
490 1 |a Springer series on the teaching of nursing ;  |v v. 7 
500 |a Includes index. 
504 |a Bibliography: pages 95-101. 
650 0 |a Nursing  |x Study and teaching. 
650 0 |a Nursing schools. 
650 0 |a Health facilities  |x Affiliations. 
650 2 |a Education, Nursing, Baccalaureate. 
650 2 |a Institutional Practice  |x Nursing texts. 
830 0 |a Springer series on the teaching of nursing ;  |v v. 7. 
999 |a MARS 
999 f f |s a79a67b8-4d5d-3270-a3d1-d967536e7643  |i a5d30ea7-145b-328a-afcf-d71c13956679  |t 0 
952 f f |p ric  |a Texas A&M University  |b Rellis Campus  |c Joint Library Facility  |d Remote Storage  |t 0  |e RT73 .H38  |h Library of Congress classification  |i unmediated -- volume  |m A14806233234 
998 f f |a RT73 .H38  |t 0  |l Remote Storage